Pro Tools for music production : recording, editing and mixing /

Bibliographic Details
Main Author: Collins, Mike, 1949-
Format: Book
Language:English
Published: Amsterdam ; Boston : Elsevier/Focal Press, 2004.
Edition:2nd ed.
Subjects:

MARC

Tag First Indicator Second Indicator Subfields
LEADER 00000cam a22000008a 4500
001 in00002017582
005 20151031154426.0
008 040512s2004 ne a b 001 0 eng
015 |a GBA4-X3523 
020 |a 0240519434 (pbk.) :  |c £29.99 
035 |a (OCoLC)ocm56458424 
040 |a UKM  |c UKM  |d ZQP  |d TXA  |d UtOrBLW 
049 |a TXAM 
082 0 4 |a 780.2855369  |2 22 
090 |a TK7881.4  |b .C64 2004 
100 1 |a Collins, Mike,  |d 1949- 
245 1 0 |a Pro Tools for music production :  |b recording, editing and mixing /  |c Mike Collins. 
250 |a 2nd ed. 
264 1 |a Amsterdam ;  |a Boston :  |b Elsevier/Focal Press,  |c 2004. 
300 |a xviii, 377 pages :  |b color illustrations ;  |c 25 cm. 
336 |a text  |b txt  |2 rdacontent 
337 |a unmediated  |b n  |2 rdamedia 
338 |a volume  |b nc  |2 rdacarrier 
500 |a Previous edition: 2002. 
504 |a Includes bibliographical references (pages 361-367) and index. 
630 0 0 |a Pro Tools. 
650 0 |a Computer sound processing. 
948 |a cataloged  |b h  |c 2004/12/17  |d c  |e mphillip  |f 6:47:15 pm 
994 |a E0  |b TXA 
999 |a MARS 
999 f f |s e75718f9-1f7d-30f9-aaea-3044a4b5d814  |i 493d3478-7b0e-3c0a-8069-17f1a8fb2111  |t 0 
952 f f |p ric  |a Texas A&M University  |b Rellis Campus  |c Joint Library Facility  |d Remote Storage  |t 0  |e TK7881.4 .C64 2004  |h Library of Congress classification  |i unmediated -- volume  |m A14831672536 
998 f f |a TK7881.4 .C64 2004  |t 0  |l Remote Storage